Online Catalogue and eLibrary

Libaralwadaya saha stree aragalaya (Record no. 3238)

MARC details
000 -LEADER
fixed length control field 00409nam a2200145Ia 4500
005 - DATE AND TIME OF LATEST TRANSACTION
control field 20250626033038.0
008 - FIXED-LENGTH DATA ELEMENTS--GENERAL INFORMATION
fixed length control field 240331s9999 xx 000 0 und d
082 ## - DDC Classification
Item Number - Author Mark JAY
Class No. 362
100 ## - MAIN ENTRY--PERSONAL NAME
Personal name Jayawardena,K
245 #0 - TITLE STATEMENT
Title Libaralwadaya saha stree aragalaya
260 ## - PUBLICATION, DISTRIBUTION, ETC.
Place of publication, distribution, etc. Colombo
Name of publisher, distributor, etc. Samanatha Medical College ( Education Unit)
Date of publication, distribution, etc. 1985
300 ## - PHYSICAL DESCRIPTION
Extent (e.g. Volumes, Pages etc.) 39 p.,
500 ## - GENERAL NOTE
General note Liberalism and the Women's Movement
942 ## - Koha item type (Biblio)
Koha item type Books in Stacks (Lending)
Holdings
Lost status Damaged status Collection code Home library Current library Shelving location Date acquired Full call number Accession Number Item type
    Lending WERC Library WERC Library Social Science Cupboard 03/31/2024 262.8 JAY 1049 Books in Stacks (Lending)

© WERC Library